| 000 | 00761nam a2200229 a 4500 | ||
|---|---|---|---|
| 001 | 3639 | ||
| 003 | CDMR | ||
| 005 | 20131209181847.0 | ||
| 008 | 130130s1982||||||||||||||||||||||||||||d | ||
| 020 | _a8485834186 | ||
| 040 |
_aCDMR _bcat _cCDMR |
||
| 100 | 1 |
_aRemesar, Antonio _92592 |
|
| 245 | 1 | 0 |
_aTres ensayos sobre comunicación _b: de la naturaleza a la cultura _cAntoni Remesar, Carles Riba y José Luis Rodríguez Illera |
| 260 |
_aBarcelona _c1982 _bMascarón |
||
| 650 | 0 | 4 |
_94353 _aComunicació _xFilosofia |
| 650 | 0 | 4 |
_94481 _aComunicació animal |
| 650 | 0 | 4 |
_94410 _aComunicació no verbal |
| 650 | 0 | 4 |
_92367 _aComunicació _xAspectes psicològics |
| 700 | 1 |
_9635 _aRodríguez Illera, José Luis |
|
| 700 | 1 |
_93049 _aRiba, Carles _d1949- |
|
| 942 |
_cMON _2udc |
||
| 999 |
_c3639 _d3639 |
||